01461cam a22003857a 4500003000500000005001700005008004100022010001000063011001000073035001000083040000900093090001000102100005200112245010400164260004000268300002000308502011400328590003700442590004100479590004100520590004100561590004100602590004100643590004200684650001800726650004200744650001800786700002800804710004000832901000700872942001000879949004200889999001700931952012700948CHAP20220817041456.0971013s1992 r 00010 d a15558 a16530 a20610 cCHAP aTesis00aRosa Hernández, Juan Patrocinio de la.99984213aEl cultivo del nopal (Opuntia spp.) : diferentes usos, manejo agronómico y costos de producción aChapingo, Méx. :bEl autor,c1992 a143 h.b: ilus. aTesis (Ing. Agr. Esp. en Economía Agrícola y Zonas Aridas) -- UACH. Departamento de Economía Agrícola aALEPHb10c20130110lUCH01h1237 aBATCH-UPDb10c20130110lUCH01h0057 aBATCH-UPDb10c20130110lUCH01h1021 aBATCH-UPDb10c20130409lUCH01h2046 aBATCH-UPDb10c20130410lUCH01h0627 aBATCH-UPDb10c20130914lUCH01h1840 aCONVERSIONb10c20130109lUCH01h131014aNopal.98164714aNopalxCostos de producción.98166114aTuna.91155440 aSantana Amaro, Delfino.0 aUACH. Departamento de Zonas Aridas. aBK cTESIS bBCcTESd-48119eTS1h30276i20610si c15558d15558 00102local4051708TESISaBCbBCcPA_TESISd2019-12-31fTESISl0oTesisp-48119r2019-12-31 00:00:00w2019-12-31yTESIS